02198nam a2200277 a 45000010008000000030004000080050017000120080041000290200018000700400030000880430012001180820013001301000028001432450124001712600085002953000043003805001189004236500025016126500019016376500026016567000038016829420015017209490022017359990017017579520146017741503027OSt20230221161008.0151028s1984 nyud gr 00010 spa d a9780060932138 aCO-BoBLA bspa cCO-MqBPB ae-cs---04aANbKUNu1 aKundera, Milan, d1929-13aThe unbearable lightness of being / cMilan Kundera ; translated from the Czech by Michael Henry Heim.bMilán Kundera aCambridge ; aPhiladelphia ; aSan Francisco : bHarper % Row, Publisher,c1984. a314 páginas : bTapa Blanda:c21 cm. aA young woman in love with a man torn between his love for her and his incorrigible womanizing; one of his mistresses and her humbly faithful lover—these are the two couples whose story is told in this masterful novel. In a world in which lives are shaped by irrevocable choices and by fortuitous events, a world in which everything occurs but once, existence seems to lose its substance, its weight. Hence, we feel The unbearable lightness of being not only as the consequence of our pristine actions but also in the public sphere, and the two inevitably intertwine. Una joven enamorada de un hombre dividido entre su amor por ella y su incorregible mujeriego; una de sus amantes y su amante humildemente fiel: estas son las dos parejas cuya historia se cuenta en esta magistral novela. En un mundo en el que las vidas están moldeadas por elecciones irrevocables y por eventos fortuitos, un mundo en el que todo ocurre una sola vez, la existencia parece perder su sustancia, su peso. Por lo tanto, sentimos La insoportable levedad del ser no solo como consecuencia de nuestras acciones prístinas sino también en la esfera pública, y los dos se entrelazan inevitablemente. 4aNovela checoslovaca. aAmorv Novela. 4aFilosof�av Novela.1 aHeim, Michael Henry, d1943-2012. 2ddccBKLIT an bn c14683d14683 00102ddc40708LAaBPMOSbBPMOSd2023-01-05eCompral2m2oAN KUNupMOS502852r2025-07-10s2025-05-28tej 1w2023-01-05yBKLITzQuince dias